Lionel Hutz Quotes Quiz Stats

Quiz not verified by Sporcle

Challenge
Share
Tweet
Embed
Score 0/21 Timer 05:00
0 Plays Today
% Correct
You stick your nose in, you'll be violating attorney-dumpster confidentiality
95.4%
Well, replace the word 'kinda' with the word 'repeatedly,' and the word 'dog' with 'son.'
95.4%
You'll also be getting this exquisite faux pearl necklace, at $99 value, as our gift to you
95.4%
But that he is also innocent of not being guilty
95.4%
The sound wasn't on, but I think I got the gist of it
94.3%
And I'm the law talking guy
94.3%
Say hello to Miguel Sanchez
94.3%
She left a video-will so I earn my fee simply by pressing the 'play' button. Pretty sweet, eh?
94.3%
Often as a lawyer
92%
I also play Mitch
90.8%
Of course, being a highly-skilled attorney, my fee is $175 an hour
89.7%
% Correct
Since my suit against the movie The Neverending Story
83.9%
Surprise witnesses, each more surprising than the last. I tell you, the judge won't know what hit him
83.9%
No, Money Down!
82.8%
I'll need to refer to the case of Finders v. Keepers
81.6%
It turns into a sponge when you put it in water
80.5%
Wow! Even if I lose, I'll be famous
79.3%
Look at him! He's wearing a belt, that's Hollywood for ya.
70.1%
Hey, this isn't the YMCA
70.1%
Err... Keeper awayer
67.8%
Care to join me in a belt of scotch?
63.2%

You're not logged in!

Compare scores with friends on all Sporcle quizzes.
Join for Free
OR
Log In

You Might Also Like...

Show Comments

Extras

Top Quizzes Today


Score Distribution

Your Account Isn't Verified!

In order to create a playlist on Sporcle, you need to verify the email address you used during registration. Go to your Sporcle Settings to finish the process.

Report this User

Report this user for behavior that violates our Community Guidelines.

Details: